top 7 countries with the most planes in world war 2 - Statistics

General Stats
  • This quiz has been taken 190 times
  • The average score is 6 of 7
Answer Stats
no. of planes in total country % Correct
324,750 United States
98%
119,371 Germany
96%
131,549 United Kingdom
94%
76,320 Japan
92%
5276 France
89%
11,122 Italy
86%
157,261 USSR
79%
No matching quizzes found
Score Distribution
Percent of People with Each Score
Percentile by Number Answered
Your Score History
You have not taken this quiz